000 00383nam a2200121 4500
082 _a616.0472,THO
100 _aRichard Thomas
_9100694
245 _aAlternative answers to Pain
260 _aSingapore
_bGrange Books
_c2006
300 _a176 p.
505 _aPart 1: What is Pain (Page-10), Part 2: Approaches to Pain Relief (Page-22), Alleviating Pain (Page-88).
942 _2ddc
_cBK
999 _c591905
_d591905